000 02161cam a22004454i 4500
003 PE-LiUPU
005 20250731183424.0
008 150706s r 000 0 d
020 _a9789682467059
035 _a(Sirsi) i9789682467059
040 _aPE-LiUPU
_bspa
_cPE-LiUPU
_erda
049 _aPRUA
082 0 4 _a711
_bB28
_221
100 1 _aBazant S., Jan,
_eautor.
245 1 0 _aManual de diseño urbano /
_cJan Bazant S.
250 _a6a
264 1 _aMéxico :
_bTrillas,
_c2007.
300 _a423 páginas :
_bilustraciones, gráfica ;
_c27 centímetros
336 _atext
_2rdacontent
337 _aunmediated
_2rdamedia
338 _avolume
_2rdacarrier
504 _aIncluye bibliografía.
505 0 _aAnálisis programático -- Análisis de actividades urbanas -- Análisis del clima -- Análisis del sitio -- Zonificación -- Equipamiento -- Vialidad -- Litificación -- Agua potable -- Alcantarillado -- Alumbrado público -- Paisaje -- Mobiliario urbano -- Señalamiento -- Pavimentos.
526 _aP158
526 _aP146
526 _aP17
526 _aP12
526 _aP06
541 _g015-0010922;
541 _g015-0011556;
650 0 4 _aUrbanismo.
_93430
910 _agl
_bjv
_cjvm
_d20100510
942 _2ddc
_cBOOK
949 _a711 B28
_wDEWEY
_c1
_i61589
_d2016-8-14
_e2016-8-14
_lCCODEBUL1
_mBUL
_n5
_p49.00
_r0
_sY
_tBOOK
_u2015-7-6
_xINGENIERIA
_PP06
_0COMPRA
_o.STAFF. Colección General
949 _a711 B28
_wDEWEY
_c2
_i60571
_d2016-8-19
_e2016-8-16
_lCCODEBUL1
_mBUL
_n1
_p45.00
_r0
_sY
_tBOOK
_u2015-7-6
_xINGENIERIA
_PP06
_0COMPRA
_o.STAFF. Colección General
994 _aC0
_bPEPRU
596 _a1
999 _a711 B28
_wDEWEY
_c49994
_i61589
_d49994
_e2016-8-14
_f2021-11-9
_g7
_lCCODEBUL1
_mBUL
_n5
_p49.00
_q1
_r0
_sY
_tBOOK
_u2015-7-6
_xINGENIERIA
_PP06
_0COMPRA
_o.STAFF. Colección General
999 _a711 B28
_wDEWEY
_c2
_i60571
_d2017-12-20
_e2017-12-18
_f2021-11-9
_g7
_lCCODEBUL1
_mBUL
_n2
_p45.00
_r0
_sY
_tBOOK
_u2015-7-6
_xINGENIERIA
_PP06
_0COMPRA
_o.STAFF. Colección General
980 _81
_gALBERTO SANCHEZ Responsable de Automatización